000 00528nam a2200181Ia 4500
005 20250317122908.0
008 008 250317s9999 xx 000 0 eng d
037 _aTextbook
040 _aFMSL
_beng
_cFMSL
041 _aeng
_2eng
084 _aD658(B28) N7
_qFMSL
100 _aZiegler J R
_9735589
245 0 _aTime sharing data processing systems
260 _aEnglewood
_bEnglewood, Cliffs P H India
_c1967
300 _a299p
942 _cTB
_hD658(B28) N7
999 _c1249067
_d1249067